000 00382nam a2200157Ia 4500
999 _c14180
_d14180
003 OSt
005 20260323165203.0
008 260210s9999 xx 000 0 und d
020 _a9781032380865
082 _a320.6 HOW
100 _aHowlett
245 0 _aDesigning Public Policies: Principles And Instruments,
250 _a3Rd Ed.
260 _bRoutledge
942 _cBPLAN
_2ddc